1906 1494 1458 1430 1317 1767 1203 1911 1653 1298 1191 1392 1680 1979 1973 1097 1677 1070 1172 1193 1558 1710 1535 1833 1209 1663 1841 1101 1584 1476 1550 1434 1164 1360 1005 1826 1514 1325 1156 1236 1288 1765 1954 1649 1946 1093 1698 1721 1031 1198 1635 1601 1560 1196 1083 1080 1331 1500 1711 1823 1274 1150 1443 1834 1953 1512 1057 1735 1039 1333 1365 1494 1259 1982 1143 1626 1720 1389 1648 1638 1256 1187 1263 1931 1855 1426 1677 1915 1915 1907 1700 1475 1309 1582 1088 1557 1369 1658 1666 BCNSPRNW ULIB Ver.6.0+V

เปลี่ยนเป็นภาษาไทย

Change to English
 แสดงรายละเอียดบรรณานุกรม
  กลับหน้าหลัก

Brief Record : Get Marc (ISO 2709) : E-mail record : QR code < ปิดหน้าต่าง
LEADER : 00000nam 2200000uu 4500
001    13399113577
003     ULIB
008    110627s2551||||th 000 0 tha d
020    9789740957560
090    นว.^bO111ป 2551
100 0  Oresia
245 00 ปาฏิหาริย์รัก คืนคริสต์มาส/^cOresia
250    พิมพ์ครั้งที่ 1
260    กรุงเทพฯ :^bแจ่มใส,^c2551
300    264 หน้า
710 1  แจ่มใส
945    ^p189^l0^i024471
995    ทศพร
999 ^a ใช้งานได้ทุกระบบ
รายการนี้ยังไม่มีแท็ก
คุณยังไม่ได้ล็อกอิน คุณสามารถมีกิจกรรมร่วมกับเว็บไซต์ได้ แต่ต้องล็อกอินก่อน ::
  ล็อกอิน

รายการสื่อสารสนเทศ

ลำดับที่ ประเภท เลขเรียก/บาร์โค้ด สถานที่ สถานะ
1. นวนิยาย
นวนิยาย
นว. O111ป 2551 ฉ.1 
  Barcode: 024471
ห้องสมุดวิทยาเขตสวรรค์ประชารักษ์
►นวนิยาย
ถูกยืม กำหนดส่งวันที่ 20 ตุลาคม 2566
  จอง

รายการใกล้เคียง
    ผู้แต่ง [Oresia]

BibComment


ยังไม่เคยถูกคอมเมนท์

คอมเมนท์ทรัพยากรรายการนี้
  คอมเมนท์: ปาฏิหาริย์รัก คืน..


 Copyright 2026. Bcnsprnw @Library